<?xml version="1.0" encoding="UTF-8"?>
<record
    xmlns:xsi="http://www.w3.org/2001/XMLSchema-instance"
    xsi:schemaLocation="http://www.loc.gov/MARC21/slim http://www.loc.gov/standards/marcxml/schema/MARC21slim.xsd"
    xmlns="http://www.loc.gov/MARC21/slim">

  <leader>01311nam a2200241 a 4500</leader>
  <controlfield tag="001">BRCA_3913</controlfield>
  <controlfield tag="005">20190320204455.0</controlfield>
  <controlfield tag="008">120110s1946----mx-a######---#000-0#spa-#</controlfield>
  <datafield tag="041" ind1=" " ind2=" ">
    <subfield code="a">spa</subfield>
  </datafield>
  <datafield tag="044" ind1=" " ind2=" ">
    <subfield code="a">mx</subfield>
  </datafield>
  <datafield tag="050" ind1=" " ind2="4">
    <subfield code="a">F1234</subfield>
    <subfield code="b">.C37 1946?</subfield>
  </datafield>
  <datafield tag="100" ind1="1" ind2=" ">
    <subfield code="a">Casasola, Agust&#xED;n V&#xED;ctor</subfield>
    <subfield code="d">1874-1932</subfield>
    <subfield code="9">10169</subfield>
  </datafield>
  <datafield tag="245" ind1="1" ind2="0">
    <subfield code="a">Historia gr&#xE1;fica de la revoluci&#xF3;n 1900-1940</subfield>
    <subfield code="b">durante las &#xE9;pocas de: Porfirio D&#xED;az, Francisco Le&#xF3;n de la Barra, Francisco I. Madero, Victoriano Huerta, Francisco Carbajal, Constitucionalista, La Convenci&#xF3;n, Venustiano Carranza, Adolfo de la Huerta, Alvaro Obreg&#xF3;n, Plutarco El&#xED;as Calles, Emilio Portes Gil, Pascual Ortiz Rubio, Abelardo L. Rodr&#xED;guez, L&#xE1;zaro C&#xE1;rdenas, Manuel Avila Camacho.</subfield>
    <subfield code="c">recopilaci&#xF3;n y fotograf&#xED;as por Agust&#xED;n V. Casasola ; dirigi&#xF3; y termin&#xF3; Gustavo Casasola.</subfield>
  </datafield>
  <datafield tag="260" ind1=" " ind2=" ">
    <subfield code="a">M&#xE9;xico</subfield>
    <subfield code="b">Archivo Casasola</subfield>
    <subfield code="c">[1946]</subfield>
  </datafield>
  <datafield tag="300" ind1=" " ind2=" ">
    <subfield code="a">15 cuadernos en 3 v.</subfield>
    <subfield code="b">il., retratos</subfield>
    <subfield code="c">28 cm.</subfield>
  </datafield>
  <datafield tag="500" ind1=" " ind2=" ">
    <subfield code="a">En el cuaderno 1 incluye dedicatoria a Franz Mayer &#xB4;Para el se&#xF1;or Franz Mayer dedico este libro con todo cari&#xF1;o y estimaci&#xF3;n. Miguel Casasola. M&#xE9;xico febrero 25/46&#xB4;</subfield>
  </datafield>
  <datafield tag="500" ind1=" " ind2=" ">
    <subfield code="a">C62</subfield>
  </datafield>
  <datafield tag="650" ind1="1" ind2="4">
    <subfield code="a">Historia</subfield>
    <subfield code="y">1867-1910</subfield>
    <subfield code="9">10080</subfield>
  </datafield>
  <datafield tag="651" ind1=" " ind2="4">
    <subfield code="a">M&#xE9;xico</subfield>
    <subfield code="x">Historia</subfield>
    <subfield code="y">Revoluci&#xF3;n, 1910-1917</subfield>
    <subfield code="9">10170</subfield>
  </datafield>
  <datafield tag="700" ind1="1" ind2=" ">
    <subfield code="a">Casasola, Gustavo</subfield>
    <subfield code="9">10171</subfield>
  </datafield>
  <datafield tag="902" ind1=" " ind2=" ">
    <subfield code="a">GFM</subfield>
  </datafield>
  <datafield tag="942" ind1=" " ind2=" ">
    <subfield code="2">lcc</subfield>
    <subfield code="c">B</subfield>
  </datafield>
  <datafield tag="999" ind1=" " ind2=" ">
    <subfield code="c">3640</subfield>
    <subfield code="d">3640</subfield>
  </datafield>
  <datafield tag="952" ind1=" " ind2=" ">
    <subfield code="0">0</subfield>
    <subfield code="1">0</subfield>
    <subfield code="4">0</subfield>
    <subfield code="7">0</subfield>
    <subfield code="a">BRCA</subfield>
    <subfield code="b">BRCA</subfield>
    <subfield code="d">2010-01-09</subfield>
    <subfield code="i">C62</subfield>
    <subfield code="l">0</subfield>
    <subfield code="o">F1234 .C37 1946? (C62)</subfield>
    <subfield code="p">3910</subfield>
    <subfield code="r">2019-03-22 00:00:00</subfield>
    <subfield code="w">2019-03-22</subfield>
    <subfield code="y">B</subfield>
  </datafield>
</record>
